MARC

LEADER 00000nam0a2200000 4500
001 309154
005 20231102002149.0
035 |a (RuTPU)RU\TPU\book\334476 
090 |a 309154 
100 |a 20151110d1981 k y0rusy50 ca 
101 1 |a rus  |c eng 
102 |a RU 
105 |a a z 001zy 
200 1 |a Металлоорганические полимеры  |e пер. с англ.  |f под ред. Ч. Карраера ; Дж. Шитса ; Ч. Питтмена 
210 |a Москва  |c Мир  |d 1981 
215 |a 352 с.  |c ил. 
320 |a Библиография в конце глав 
606 1 |a Полимеры металлоорганические  |2 stltpush  |3 (RuTPU)RU\TPU\subj\50372  |9 69059 
610 1 |a полимеризация 
610 1 |a мономеры 
610 1 |a ферроценовое ядро 
610 1 |a винилферроцен 
610 1 |a ферроцен 
610 1 |a синтез 
610 1 |a цинихроден 
610 1 |a производные 
610 1 |a получение 
610 1 |a поликонденсация 
610 1 |a свинец 
610 1 |a металлоорганические катализаторы 
610 1 |a свойства 
610 1 |a оловоорганические полимеры 
610 1 |a применение 
610 1 |a кремнийорганические полимеры 
610 1 |a полиорганосилоксаны 
610 1 |a полифосфазены 
610 1 |a мезоморфное состояние 
610 1 |a полиорганофосфазены 
610 1 |a биологическая совместимость 
610 1 |a координационные полимеры 
675 |a 678.86  |v 4 
702 1 |a Карраер  |b Ч.  |4 340 
702 1 |a Шитс  |b Дж.  |4 340 
702 1 |a Питтмен  |b Ч.  |4 340 
801 1 |a RU  |b 63413507  |c 20151110 
801 2 |a RU  |b 63413507  |c 20161019  |g RCR 
942 |c BK